000
00252nam a2200097Ia 4500
001
657792
005
20250826154622.0
008
250824s9999 xx 000 0 und d
245
0
_a
Ece Yüce/Yüce Kim Biliyor musunuz
_c
Gülten Dayıoğlu
260
_b
ALTIN
999
_c
657792
_d
657792